| 000 | 01064nas a2200325 4500 | ||
|---|---|---|---|
| 001 | BR2013010549 | ||
| 003 | BR-BrBNA | ||
| 005 | 20231205123517.0 | ||
| 007 | ta | ||
| 008 | 230509b bl.|||p| |||| 00| 00por d | ||
| 040 |
_aBR-BrBNA _bpor _cBiblioteca Nacional de Agricultura |
||
| 041 | _a(Pt) | ||
| 072 | _aE12 | ||
| 100 | 1 | _aSilva, K.R. | |
| 100 | 1 | _aSouza, A.P. de | |
| 100 | 1 | _aMinette, L.J. | |
| 100 | 1 | _aCosta, F.F. | |
| 100 | 1 | _aFialho, P.B. | |
| 100 | 1 | _a | |
| 245 | 1 | _aAvaliação antropométrica de trabalhadores em indústrias do polo moveleiro de Ubá, MG | |
| 246 | 1 | _aAnthorpometric evaluation of workers from the Ubá furniture industrial pole, Minas Gerais | |
| 650 | _aTRABALHADOR RURAL | ||
| 650 | _aMÓVEL | ||
| 650 | _aINDÚSTRIA | ||
| 650 | _aERGONOMIA | ||
| 773 | 0 |
_tRevista Árvore (Brazil) _xISSN 0100-6762 _g(Jul-Aug 2006), v. 30(4) p. 613-618 _wBR2013010549 |
|
| 856 | 4 |
_uhttp://www.scielo.br/pdf/rarv/v30n4/31682.pdf _yRecurso eletrônico (PDF) |
|
| 909 |
_a202311 _bLúcia _c55 _dLúcia Elande |
||
| 942 |
_2AGRIS _n0 _cANA |
||
| 999 |
_c234277 _d234277 |
||